| 000 | 03177cam a22004095i 4500 | ||
|---|---|---|---|
| 999 |
_c9782 _d9782 |
||
| 003 | OSt | ||
| 005 | 20220302191049.0 | ||
| 006 | m |o d | | ||
| 008 | 151209s2016 gw |||| o |||| 0|eng | ||
| 020 | _a9783662485651 | ||
| 072 | 7 |
_aTNK _2bicssc |
|
| 072 | 7 |
_aTNKH _2thema |
|
| 082 | 0 | 4 |
_a690 _223 _bXIA |
| 100 | 1 |
_aGu, Xianglin, _eauthor. |
|
| 245 | 1 | 0 |
_aBasic Principles of Concrete Structures / _cby Xianglin Gu, Xianyu Jin, Yong Zhou. |
| 250 | _a1st ed. 2016. | ||
| 300 | _a1 online resource (XXII, 606 pages 397 illustrations, 13 illustrations in color.) | ||
| 505 | 0 | _aIntroduction -- Mechanical Properties of Concrete and Steel Reinforcement -- Bond and Anchorage -- Tension and Compression Behavior of Axially Loaded Members -- Bending Behavior of Flexural Members -- Compression and Tension Behavior of Eccentrically Loaded Members -- Shear -- Torsion -- Punching Shear and Bearing -- Prestressed Concrete Structures -- Serviceability of Concrete Structures -- Durability of Concrete Structures. | |
| 520 | _aBased on the latest version of designing codes both for buildings and bridges (GB50010-2010 and JTG D62-2004), this book starts from steel and concrete materials, whose properties are very important to the mechanical behavior of concrete structural members. Step by step, analysis of reinforced and prestressed concrete members under basic loading types (tension, compression, flexure, shearing and torsion) and environmental actions are introduced. The characteristic of the book that distinguishes it from other textbooks on concrete structures is that more emphasis has been laid on the basic theories of reinforced concrete and the application of the basic theories in design of new structures and analysis of existing structures. Examples and problems in each chapter are carefully designed to cover every important knowledge point. As a basic course for undergraduates majoring in civil engineering, this course is different from either the previously learnt mechanics courses or the design courses to be learnt. Compared with mechanics courses, the basic theories of reinforced concrete structures cannot be solely derived by theoretical analysis. And compared with design courses, this course emphasizes the introduction of basic theories rather than simply being a translation of design specifications. The book will focus on both the theoretical derivations and the engineering practices. | ||
| 650 | 0 | _aBuilding. | |
| 650 | 0 |
_aBuildings _xDesign and construction. |
|
| 650 | 0 | _aComputer-aided engineering. | |
| 650 | 0 | _aConstruction. | |
| 650 | 0 | _aEngineering, Architectural. | |
| 650 | 0 | _aMechanics, Applied. | |
| 650 | 0 | _aMechanics. | |
| 650 | 1 | 4 | _aBuilding Construction and Design. |
| 650 | 2 | 4 | _aComputer-Aided Engineering (CAD, CAE) and Design. |
| 650 | 2 | 4 | _aSolid Mechanics. |
| 700 | 1 |
_aJin, Xianyu, _eauthor. |
|
| 700 | 1 |
_aZhou, Yong, _eauthor. |
|
| 776 | 0 | 8 |
_iPrint version: _tBasic principles of concrete structures. _z9783662485637 _w(DLC) 2015951754 |
| 776 | 0 | 8 |
_iPrinted edition: _z9783662485637 |
| 776 | 0 | 8 |
_iPrinted edition: _z9783662485644 |
| 776 | 0 | 8 |
_iPrinted edition: _z9783662569382 |
| 942 | _2ddc | ||